Σκυριανά τραγούδια σκυριανά τραγούδια και ταξιδεμένα = Songs of Skyros

Περιέχονται τοπικά λαϊκά τραγούδια από την Σκύρο.

Αποθηκεύτηκε σε:
Λεπτομέρειες βιβλιογραφικής εγγραφής
Κύριος συγγραφέας: Στράτου, Δόρα Ν., 1903-1988
Συγγραφή απο Οργανισμό/Αρχή: Θέατρο Ελληνικών Χορών Δόρα Στράτου
Μορφή: Ηχητικό
Γλώσσα:Greek
Δημοσίευση: Αθήνα : «Ελληνικοί χοροί-Δόρα Στράτου», 1985-1992.
Θέματα:
Ετικέτες: Προσθήκη ετικέτας
Δεν υπάρχουν, Καταχωρήστε ετικέτα πρώτοι!

MARC

LEADER 00000cjm a2200000 a 4500
001 1/114531
008 200413m19851992gr |||||||||||||||| gre||
028 0 2 |a DS 141  |b G.P.I.  
040 |a GR-MyUa  |b gre  |c GR-MyUa  |e AACR2 
041 0 |d gre  |e gre 
082 7 |a 911.49515   |2 (23) 
100 1 |a Στράτου, Δόρα Ν.,   |d 1903-1988. 
245 1 0 |a Σκυριανά τραγούδια   |h [ηχογράφηση] :   |b σκυριανά τραγούδια και ταξιδεμένα = Songs of Skyros /   |c μουσική επιμέλεια : Αλίκη Λάμπρου, επιμέλεια παραγωγής και έκδοσης : Νίκος Διονυσόπουλος.  
246 1 |i Παράλληλος τίτλος :   |a Songs of Skyros  
260 |a Αθήνα :   |b «Ελληνικοί χοροί-Δόρα Στράτου»,   |c 1985-1992.  
300 |a 1 μουσική κασέτα (45,32 λεπτ.) :   |b αναλογ., στέρεο ;   |c 7 1/4 x 3 1/2 ίν., ταινία 1/4 ίν. +  |e θήκη.  
500 |a "Ελληνικοί χοροί - Δόρα Στράτου" - "Greek dances - Dora Stratou theatre".  
500 |a Η θήκη περιέχει τους στίχους των τραγουδιών, μία φωτογραφία και αναφορά για το θέατρο. 
500 |a Το Θέατρο «Δόρα Στράτου» ιδρύθηκε το 1953, επιχορηγούμενο από το Υπουργείο Πολιτισμού και τον ΕΟΤ.  
505 8 |a Πλευρά Α : 1. Σήμερα λάμπει ο ουρανός. Παινέματα του γάμου. 6:15, 2. Ο καϊξής. Καθιστικό. 3:54, 3. Δεν ημπρώ προφορικώς. Σκοπός της Σπυριδούλας. Καθιστικό. 2:35, 4. Χρυσοπράσινος αητός. Καθιστικό. 2:45, 5. Βίρα - βίρα γεια σας. Της τάβλας. 3:00, 6. Μέσ' τους μπαχτσέδες. Συρτός. 2:52, 7. Γλεντάτε κόσμε τη ζωή. Καλαματιανός. Πλευρά Β : 1. Εμείς δε θέλομε τζαμιά. Καλαματιανός. 2:05, 2. Η Σκύρος είναι ωραία. Συρτός. 2:20, 3. Τσύρα μ' τσ' αρχοντοπούλα μ'. Συρτός. 2:23, 4. Θάλασσα απ΄όλα. Συρτός. 4:14, 5. Σ'ασημένα βάρκα μπήκα. Συρτός. 2:56, 6. Σάλα-σάλα. Συρτός. 3:23, 7. Πολίτικο συρτό. Οργανικό. 3:40, 8. Χασαποσέρβικο. Οργανικό. 3:35.  
508 |a Φωτογραφίες : Γιώργος Αικαρενίδης, μουσική επιμέλεια: Αλίκη Λάμπρου, επιμέλεια παραγωγής και έκδοσης : Νίκος Διονυσόπουλος.  
508 |a Παίζουν οι μουσικοί : Νίκος Οικονομίδης-βιολί, Κώστας Φιλιππίδης-λαούτο, Νίκος Καρατάσος-σαντούρι.  
511 0 |a Τραγουδούν : Φροσύνη Φτούλη-Παπαδημητρίου, Γιώργος Φτούλης, Φαλταΐνα Θεοτόκη-Αλεξάνδρου, Αμέρισσα Κουναδίνη-Γ.Φτούλη, Αλίκη Λάμπρου, Άρτεμις Φτούλη-Τσιαρακάκη, Άννα Θεοχάρη-Γ.Φτούλη, Αμερσούλα Χριστοδούλου-Γκέκα, Χορωδία (Αλίκη Λάμπρου, Αμερσούλα Χριστοδούλου, Άννα Θεοχάρη, Άρτεμις και Φροσύνη Φτούλη).  
520 8 |a Περιέχονται τοπικά λαϊκά τραγούδια από την Σκύρο.  
650 0 |a Sound recordings. 
650 0 |a Dance  |x Folklore  |z Greece  |z Skyros (Municipality) 
650 0 |a Folk songs, Greek  |z Greece  |z Skyros (Municipality) 
650 0 |a Folk music  |z Greece  |z Skyros (Municipality) 
651 0 |a Skyros (Greece : Municipality)  |x Social life and customs. 
700 1 |a Λάμπρου, Αλίκη,  |e oth 
700 1 |a Διονυσόπουλος, Νίκος,  |e oth 
710 2 |a Θέατρο Ελληνικών Χορών Δόρα Στράτου. 
852 |a INST  |b RHODES  |c AV  |e 20200917  |h 911.49515 ΣΤΡ  |p 005400013064  |q 005400013064  |t MC  |y 23 
852 |a INST  |b RHODES  |c AV  |e 20180313  |h 911.49515 ΣΤΡ  |p 005400039489  |q 005400039489  |t MC  |y 23 
970 |a Μαρία  |b Κωτάκου  |z 13-04-2020